000 004580000a22001810004500
003 MACL
005 20150828113446.0
008 150828b xxu||||| |||| 00| 0 eng d
040 _aMACL
_cMACL
041 _aEnglish
082 _a745/KUM
100 _aKumar, Pramod
_91511
245 _aFolk Icons And Rituals In Tribal Life
260 _bAbhinav Publications
_c1984
_aNew Delhi
350 _a180
650 _aDecorative Arts
_97454
942 _cBK
_k745
_2ddc
999 _c5856
_d5856